Aktuálne trendy na slovenskom trhu práce v kontexte ekonomického vývoja

Príspevok je zameraný na identifikáciu súčasných trendov na pracovnom trhu v Slovenskej republike. Dôraz je kladený predovšetkým na obdobie globálnej ekonomickej krízy. Porovnáva sa vývoj reálneho HDP a zamestnanosti, vývoj miery zamestnanosti v SR a EÚ. Zvýšená pozornosť je venovaná kľúčovým problé...

Description complète

Enregistré dans:
Détails bibliographiques
Auteur principal: Klimko, Roman, 1985-
Format: Chapitre de livre
Langue:slovaque
Sujets:
Tags: Ajouter un tag
Pas de tags, Soyez le premier à ajouter un tag!

MARC

LEADER 00000nla a2200000 4500
001 0170090
005 20240502072938.6
041 0 |a slo 
044 |a SK 
245 1 0 |a Aktuálne trendy na slovenskom trhu práce v kontexte ekonomického vývoja  |c Roman Klimko 
520 |a Príspevok je zameraný na identifikáciu súčasných trendov na pracovnom trhu v Slovenskej republike. Dôraz je kladený predovšetkým na obdobie globálnej ekonomickej krízy. Porovnáva sa vývoj reálneho HDP a zamestnanosti, vývoj miery zamestnanosti v SR a EÚ. Zvýšená pozornosť je venovaná kľúčovým problémom vyskytujúcim sa v podmienkach trhu práce v SR. 
610 2 0 |a trh práce 
610 2 0 |a Slovensko 
610 2 0 |a miera zamestnanosti 
610 2 0 |a Európska únia 
610 2 0 |a kríza hospodárska 
100 1 |a Klimko, Roman, 1985-